| 000 | 00611nam a2200157 4500 | ||
|---|---|---|---|
| 999 |
_c16073 _d16073 |
||
| 008 | 210408b ||||| |||| 00| 0 eng d | ||
| 022 | _a0732-8435 | ||
| 082 | _aDPer 657.05 C33 Sept-Dec 2011 v. 81 n. 9-12 | ||
| 100 |
_aWhitehead, Jr. Roy. _943075 |
||
| 245 |
_aThe IRS and the 'responsible person' for paying employment taxes: _ba case study/ _cRoy Whitehead, Jr. and Kris Jones. |
||
| 260 |
_aNew York: _bThe New York State Society of CPA, _c©2011. |
||
| 300 |
_av81 n11, pages 50-51: _bcolor illustrations; _c28 cm. |
||
| 650 |
_aTaxation. _943076 |
||
| 700 |
_aJones, K. _eAuthor. _943077 |
||
| 942 |
_2ddc _cPER |
||